La pasión ; (Record no. 100083)

MARC details
000 -LEADER
campo de control de longitud fija 00894nam a2200253 i 4500
001 - NÚMERO DE CONTROL
campo de control 100083
003 - IDENTIFICADOR DE NÚMERO DE CONTROL
campo de control ES-MaACL
005 - FECHA Y HORA DE LA ÚLTIMA TRANSACCIÓN
campo de control 20251103131852.0
007 - CAMPO FIJO DE DESCRIPCIÓN FÍSICA--INFORMACIÓN GENERAL
campo de control de longitud fija t|
008 - DATOS DE LONGITUD FIJA--INFORMACIÓN GENERAL
campo de control de longitud fija 050921s1914 sp ||||1| spa d
080 ## - NÚMERO DE LA CLASIFICACIÓN DECIMAL UNIVERSAL
Número de la Clasificación Decimal Universal 821.134.2-22"19"
100 1# - ENTRADA PRINCIPAL--NOMBRE DE PERSONA
Nombre de persona Martínez Sierra, Gregorio,
Fechas asociadas al nombre 1881-1947
9 (RLIN) 78429
245 13 - MENCIÓN DEL TÍTULO
Título La pasión ;
Resto del título Los románticos /
Mención de responsabilidad, etc. G. Martínez Sierra.
260 ## - PUBLICACIÓN, DISTRIBUCIÓN, ETC.
Lugar de publicación, distribución, etc. Madrid :
Nombre del editor, distribuidor, etc. Renacimiento,
Fecha de publicación, distribución, etc. 1914.
300 ## - DESCRIPCIÓN FÍSICA
Extensión 275 p. ;
Dimensiones 19 cm.
530 ## - NOTA DISPONIBLE DE FORMULARIO FÍSICO ADICIONAL
Nota de formato físico adicional disponible Disponible en formato digital.
594 ## - Nota al título y mención de responsabilidad
Nota al título y mención de responsabilidad Obras en colaboración entre Gregorio Martínez Sierra y María Lejárraga (María Martínez Sierra)
700 1# - ENTRADA AGREGADA--NOMBRE PERSONAL
Nombre de persona Martínez Sierra, María,
Fechas asociadas al nombre 1874-1974
9 (RLIN) 78430
740 42 - ENTRADA AGREGADA--TÍTULO RELACIONADO/ANALÍTICO NO CONTROLADO
Título relacionado o analítico no controlado Los románticos.
852 4# - LOCALIZACIÓN
Ubicación ES-MaACL
Número de control de estantería F-7229
Ubicación en estantería Depósito 2
856 4# - LOCALIZACIÓN Y ACCESO ELECTRÓNICOS
Identificador Uniforme de Recursos <a href="https://archive.org/details/lapasionlosromnt00mart/page/n7/mode/2up">https://archive.org/details/lapasionlosromnt00mart/page/n7/mode/2up</a>
Texto de enlace Internet Archive
942 ## - ELEMENTOS DE ENTRADA SECUNDARIOS (KOHA)
Fuente del sistema de clasificación o colocación Clasificación decimal universal
Holdings
Estatus retirado Estado de pérdida Estado de daño No para préstamo Colección Biblioteca de origen Biblioteca actual Ubicación en estantería Fecha de adquisición Fuente de adquisición Total de préstamos Signatura topográfica completa Código de barras Visto por última vez Precio de reemplazo Tipo de ítem Koha
        Colección digital Biblioteca del Ateneo de Madrid Biblioteca del Ateneo de Madrid Depósito 2 17/01/2008     F-7229 1104504 23/02/2023 23/02/2023 Libro impreso